000
00240nam a2200109Ia 4500
100
_a
#N/A
942
_c
BK
654
_a
pro
245
_a
Pro/ Engineering Wildfire for Engineers & Designers Release 2.0
260
_b
#N/A
546
_a
ENGLISH
999
_c
23565
_d
23565